000 00807nam a2200217 i 4500
001 61179
003 ES-MaACL
005 20251223063018.0
007 t|
008 031110s1965 sp ||||1| spa d
080 _a616.006.6-084/-085
100 0 _aEuler, Hans von
_948329
245 1 0 _aQuimioterapia y profilaxis del cáncer /
_cpor Hans von Euler ; versión de la primera edición alemana, especialmente revisada y actualizada por el autor, por el Dr. Juan Colom y Bragulat...
260 _aBarcelona :
_bEditorial Científico-Médica,
_c1965.
300 _aXII, 188 p. :
_bil. ;
_c25 cm.
650 4 _aCáncer-
_xTratamiento.
_9151119
700 0 _aColom Bragulat, Juan.
_939794
852 _aES-MaACL
_jC-27170
_bR.56188
852 _aES-MaACL
_jA-8313
_bR.56077
999 _c61179
_d61179